000 01015nam0a22002891 4500
001 rc\2204370
005 20250623031242.0
035 _a(NLR Aleph) 006541841
090 _a6645135
_c6645135
100 _a20110826d1978 |||y0rusy50 ca
101 0 _arus
102 _aRU
105 _aa z |||||
200 1 _aТехнологические расчеты дрожжевого производства
210 _aМосква
_cПищ. пром-сть
_d1978
215 _a144 с.
_cил.
_d21
320 _aБиблиогр.: с. 141-143 (52 назв.)
606 _aДрожжи хлебопекарные
_xПроизводство
_xТехнико-экономические расчеты
_2psbo
686 _aЛ871-642,0
_2rubbk
700 1 _aПалагина
_bН.К.
_gНадежда Константиновна
801 0 _aRU
_bNLR
_gpsbo
801 1 _aRU
_bELAR
_2rusmarc
852 _aNLR
_j79-5/16
899 _aRuMoRGB
_jБ 78-29/644
899 _aRuMoRGB
_jБ 78-29/645
942 _cBOOK
980 _aNB